[Event "Kimry Rating op 33rd"]
[Site "Kimry"]
[Date "2007.01.22"]
[Round "3"]
[White "Asrian, Andreas"]
[Black "Krasnikov, Alexandr"]
[Result "0-1"]
[WhiteElo "2053"]
[BlackElo "1989"]
[PlyCount "84"]
[EventDate "2007.01.21"]
[EventType "swiss"]
[EventRounds "7"]
[EventCountry "RUS"]
[SourceTitle "EXT 2010"]
[Source "ChessBase"]
[SourceDate "2010.11.25"]
[SourceVersion "1"]
[SourceVersionDate "2010.11.25"]
[SourceQuality "1"]

1. e4 c5 2. Nf3 e6 3. d4 d5 4. exd5 exd5 5. Bb5+ Nc6 6. 0-0 Nf6 7. Re1+ Be7 8. Ne5 Bd7 9. Bxc6 bxc6 10. Nxd7 Qxd7 11. dxc5 0-0 12. Qd4 Ne4 13. Rxe4 Bf6 14. Qd3 Rfe8 15. Rxe8+ Rxe8 16. Bd2 Bxb2 17. c3 Bxa1 18. Na3 Qb7 19. Qf1 Qb2 20. Bc1 Qxc3 21. Nb1 Qxc5 22. Bd2 Bd4 23. h3 h6 24. a3 Rb8 25. Qd3 Bxf2+ 26. Kf1 Bg1 27. Be1 Be3 28. Bb4 Qc1+ 29. Ke2 Re8 30. Kf3 Bg5 31. Bd2 Bxd2 32. Nxd2 Qe1 33. a4 Qd1+ 34. Kf2 Qxa4 35. Nb3 Qf4+ 36. Qf3 Qxf3+ 37. Kxf3 a6 38. Nc5 a5 39. g3 f6 40. h4 Kf7 41. g4 g6 42. Kf4 a4 0-1

[Event "Kimry Rating op 33rd"]
[Site "Kimry"]
[Date "2007.01.22"]
[Round "4"]
[White "Filippov, Dmitry"]
[Black "Asrian, Andreas"]
[Result "1-0"]
[WhiteElo "1887"]
[BlackElo "2053"]
[PlyCount "61"]
[EventDate "2007.01.21"]
[EventType "swiss"]
[EventRounds "7"]
[EventCountry "RUS"]
[SourceTitle "EXT 2010"]
[Source "ChessBase"]
[SourceDate "2010.11.25"]
[SourceVersion "1"]
[SourceVersionDate "2010.11.25"]
[SourceQuality "1"]

1. e4 c5 2. Nf3 d6 3. d4 cxd4 4. Nxd4 Nf6 5. Nc3 a6 6. f3 Qc7 7. Be3 e6 8. Bf2 b5 9. Bd3 b4 10. Nce2 Bb7 11. c3 d5 12. exd5 Nxd5 13. Rc1 bxc3 14. Nxc3 Nxc3 15. bxc3 Qe5+ 16. Qe2 Qg5 17. Be3 Qh4+ 18. Bf2 Qf6 19. Rb1 Bc8 20. Be4 Nd7 21. Bxa8 Qg6 22. 0-0 Be7 23. Qe4 Qh5 24. Qg4 Qh6 25. Bc6 e5 26. Bxd7+ Bxd7 27. Rb8+ Bd8 28. Qh4 Qf6 29. Qxf6 gxf6 30. Nb3 Bb5 31. Rd1 1-0

[Event "Kimry-ch"]
[Site "Kimry"]
[Date "2007.01.04"]
[Round "5"]
[White "Golubiatnikov, Vitaly"]
[Black "Asrian, Andreas"]
[Result "1-0"]
[WhiteElo "2241"]
[BlackElo "2053"]
[PlyCount "69"]
[EventDate "2007.01.02"]
[EventType "swiss"]
[EventRounds "9"]
[EventCountry "RUS"]
[SourceTitle "EXT 2010"]
[Source "ChessBase"]
[SourceDate "2010.11.25"]
[SourceVersion "1"]
[SourceVersionDate "2010.11.25"]
[SourceQuality "1"]

1. d4 Nf6 2. c4 e6 3. Nf3 Bb4+ 4. Bd2 Bxd2+ 5. Nbxd2 0-0 6. e3 b6 7. Bd3 Bb7 8. 0-0 d5 9. Qc2 Nbd7 10. Rac1 c5 11. Ne5 Rc8 12. Qb1 Qe7 13. a3 Ba8 14. g4 h6 15. Nxd7 Nxd7 16. Rfe1 Qg5 17. Nf3 Qh5 18. cxd5 Bxd5 19. Be4 Bxe4 20. Qxe4 Rc7 21. dxc5 bxc5 22. Rc2 Rfc8 23. Rec1 Qd5 24. Qc4 Qb7 25. Qf4 Qd5 26. h3 c4 27. Nd2 c3 28. Ne4 Rc4 29. Rxc3 e5 30. Qf3 Rxc3 31. Rxc3 Rxc3 32. Nxc3 Qd3 33. Qa8+ Nf8 34. Nd5 Kh7 35. Ne7 1-0

[Event "Kimry-ch"]
[Site "Kimry"]
[Date "2007.01.02"]
[Round "1"]
[White "Asrian, Andreas"]
[Black "Kolpakov, Nikolay Anastasievi"]
[Result "0-1"]
[WhiteElo "2053"]
[BlackElo "2217"]
[PlyCount "76"]
[EventDate "2007.01.02"]
[EventType "swiss"]
[EventRounds "9"]
[EventCountry "RUS"]
[SourceTitle "EXT 2010"]
[Source "ChessBase"]
[SourceDate "2010.11.25"]
[SourceVersion "1"]
[SourceVersionDate "2010.11.25"]
[SourceQuality "1"]

1. e4 c5 2. Nf3 Nc6 3. d4 cxd4 4. Nxd4 Nf6 5. Nc3 d6 6. Be2 g6 7. Be3 Bg7 8. f3 0-0 9. Qd2 d5 10. Nxc6 bxc6 11. e5 Nd7 12. f4 e6 13. h4 c5 14. Bf2 Bb7 15. Bf3 f6 16. exf6 Qxf6 17. h5 Qxf4 18. Be3 Qg3+ 19. Bf2 Qe5+ 20. Qe2 Qxe2+ 21. Nxe2 Rab8 22. 0-0-0 Bxb2+ 23. Kxb2 Ba6+ 24. Kc3 Bxe2 25. Bxe2 Rxf2 26. Bf3 d4+ 27. Kd3 Ne5+ 28. Ke4 Nxf3 29. gxf3 Rxc2 30. a3 Re2+ 31. Kf4 Rf8+ 32. Kg4 Rg2+ 33. Kh3 Rg5 34. Rhe1 Rxf3+ 35. Kh4 Rfg3 36. Re4 Rg2 37. Kh3 R5g3+ 38. Kh4 g5# 0-1

[Event "Kimry-ch"]
[Site "Kimry"]
[Date "2005.01.??"]
[Round "3"]
[White "Sharkov, Kirill"]
[Black "Asrian, Andreas"]
[Result "0-1"]
[WhiteElo "1950"]
[BlackElo "2088"]
[PlyCount "94"]
[EventDate "2005.01.??"]
[EventType "swiss"]
[EventRounds "9"]
[EventCountry "RUS"]
[SourceTitle "EXT 2006"]
[Source "ChessBase"]
[SourceDate "2005.11.24"]
[SourceVersion "1"]
[SourceVersionDate "2005.11.24"]
[SourceQuality "1"]

1. e4 c5 2. Nf3 Nc6 3. Bb5 g6 4. 0-0 Bg7 5. Nc3 a6 6. Bxc6 dxc6 7. d3 e6 8. Be3 Bd4 9. Qd2 Bxe3 10. Qxe3 Qe7 11. Na4 c4 12. Qd4 Nf6 13. Nb6 e5 14. Nxe5 Rb8 15. Nexc4 0-0 16. Qe5 Be6 17. Qd6 Qe8 18. Qe5 Kg7 19. Nd6 Qd8 20. Ndc4 Qe7 21. Rfe1 Rbd8 22. Re3 Kg8 23. h3 Nh5 24. Rae1 c5 25. c3 Rfe8 26. Rd1 Qf8 27. Qg5 f6 28. Qh4 Qf7 29. f3 Ng7 30. b3 Bxc4 31. Nxc4 b5 32. Nb2 Nf5 33. exf5 Rxe3 34. fxg6 hxg6 35. Qf2 Qe7 36. Qg3 Kf7 37. Qf4 Re8 38. Kh2 Re2 39. Rd2 g5 40. Rxe2 Qxe2 41. Qc1 Re3 42. c4 b4 43. Na4 Rxd3 44. Nxc5 Rd1 45. Qxd1 Qxd1 46. Ne4 Qc2 47. Nd6+ Ke6 0-1

[Event "Kimry-ch"]
[Site "Kimry"]
[Date "2005.01.??"]
[Round "7"]
[White "Shpagin, Vlas"]
[Black "Asrian, Andreas"]
[Result "1-0"]
[WhiteElo "2009"]
[BlackElo "2088"]
[PlyCount "55"]
[EventDate "2005.01.??"]
[EventType "swiss"]
[EventRounds "9"]
[EventCountry "RUS"]
[SourceTitle "EXT 2006"]
[Source "ChessBase"]
[SourceDate "2005.11.24"]
[SourceVersion "1"]
[SourceVersionDate "2005.11.24"]
[SourceQuality "1"]

1. d4 Nf6 2. Bg5 e6 3. e4 Be7 4. e5 Nd5 5. Bxe7 Nxe7 6. f4 d5 7. Nf3 c5 8. Nbd2 cxd4 9. Bd3 Nbc6 10. 0-0 Qb6 11. Nb3 Nb4 12. a3 Nxd3 13. Qxd3 Bd7 14. Nbxd4 a6 15. Kh1 Rc8 16. a4 h6 17. b4 0-0 18. g4 g6 19. Qe3 Qc7 20. f5 Kh7 21. f6 Nc6 22. Ng5+ Kg8 23. Qh3 h5 24. gxh5 Be8 25. hxg6 fxg6 26. Ndxe6 Qd7 27. Rf4 Nxe5 28. Rh4 1-0

[Event "Kimry-ch"]
[Site "Kimry"]
[Date "2005.01.??"]
[Round "4"]
[White "Sorokin, Evgeniy"]
[Black "Asrian, Andreas"]
[Result "1-0"]
[WhiteElo "2129"]
[BlackElo "2088"]
[PlyCount "69"]
[EventDate "2005.01.??"]
[EventType "swiss"]
[EventRounds "9"]
[EventCountry "RUS"]
[SourceTitle "EXT 2006"]
[Source "ChessBase"]
[SourceDate "2005.11.24"]
[SourceVersion "1"]
[SourceVersionDate "2005.11.24"]
[SourceQuality "1"]

1. d4 Nf6 2. Nf3 g6 3. c4 Bg7 4. Nc3 0-0 5. g3 d6 6. Bg2 c6 7. 0-0 Nbd7 8. e4 c5 9. d5 Nb6 10. Qd3 Bg4 11. Nh4 Qc8 12. f4 Bh3 13. Bd2 Bxg2 14. Kxg2 e6 15. Rae1 Re8 16. b3 Ng4 17. h3 Nh6 18. g4 Kh8 19. g5 Ng8 20. Nb5 Qd8 21. dxe6 Rxe6 22. f5 Re8 23. fxg6 hxg6 24. Rxf7 Ne7 25. Rxe7 Rxe7 26. Nxg6+ Kg8 27. Nxe7+ Qxe7 28. Qxd6 Qxd6 29. Nxd6 Rd8 30. Bf4 Rd7 31. e5 Bf8 32. e6 Re7 33. Nf5 Re8 34. e7 Bxe7 35. Rxe7 1-0

[Event "Kimry"]
[Site "Kimry"]
[Date "2003.??.??"]
[Round "7"]
[White "Asrian, Andreas"]
[Black "Krasnikov, Alexandr"]
[Result "1-0"]
[WhiteElo "2109"]
[BlackElo "1974"]
[PlyCount "217"]
[EventDate "2003.??.??"]
[EventType "tourn"]
[EventRounds "11"]
[EventCountry "RUS"]
[SourceTitle "EXT 2006"]
[Source "ChessBase"]
[SourceDate "2005.11.24"]
[SourceVersion "1"]
[SourceVersionDate "2005.11.24"]
[SourceQuality "1"]

1. e4 e5 2. Nf3 Nc6 3. d4 d6 4. dxe5 dxe5 5. Qxd8+ Kxd8 6. Nc3 Bd6 7. Be3 Nf6 8. 0-0-0 Ke7 9. Bg5 Be6 10. h3 h6 11. Bh4 Rhe8 12. Bb5 g5 13. Bxc6 bxc6 14. Bg3 Kf8 15. Nxe5 c5 16. Rhe1 Nh5 17. Bh2 f6 18. Nf3 Bxh2 19. Nxh2 Nf4 20. Rg1 Bxa2 21. b3 Rab8 22. Kb2 Bxb3 23. cxb3 c4 24. Rb1 Rxb3+ 25. Kc2 Rxc3+ 26. Kxc3 Ne2+ 27. Kxc4 Nxg1 28. Rxg1 Rxe4+ 29. Kb5 Re6 30. Rc1 Re2 31. Rf1 Re6 32. g3 h5 33. Nf3 Rd6 34. Kc5 Rd3 35. Nd4 Rd2 36. Ne6+ Ke7 37. Ng7 Rc2+ 38. Kb5 Kf7 39. Nxh5 Kg6 40. g4 c5 41. Ng3 c4 42. Ne4 f5 43. gxf5+ Kxf5 44. Nd6+ Kg6 45. Nxc4 Rc3 46. f3 Rc2 47. Ne5+ Kh5 48. Rg1 Rc3 49. Re1 Kh4 50. Re4+ Kxh3 51. Rg4 Rxf3 52. Rxg5 Rb3+ 53. Kc4 Rg3 54. Rf5 Kg2 55. Kd4 Ra3 56. Rf7 a6 57. Nc4 Rf3 58. Ra7 Rf6 59. Ke5 Rc6 60. Kd5 Rf6 61. Nd6 Kf3 62. Rxa6 Rf8 63. Ra3+ Kg4 64. Nc4 Kh5 65. Rg3 Rf1 66. Ke4 Rf8 67. Ne5 Rf6 68. Nc4 Kh4 69. Rg8 Kh5 70. Ne3 Rf2 71. Rg1 Kh4 72. Nf5+ Kh3 73. Nd4 Rg2 74. Rf1 Kg4 75. Rf4+ Kg5 76. Rf8 Ra2 77. Nf3+ Kg6 78. Ne5+ Kg5 79. Rf5+ Kh4 80. Nf3+ Kg4 81. Rg5+ Kh3 82. Kf5 Ra5+ 83. Ne5 Kh4 84. Rg1 Kh3 85. Kf4 Ra4+ 86. Ke3 Ra3+ 87. Nd3 Kh2 88. Rg8 Kh3 89. Ke4 Ra4+ 90. Kf3 Kh4 91. Nf2 Ra3+ 92. Kf4 Ra4+ 93. Ne4 Kh5 94. Rg5+ Kh6 95. Re5 Kg6 96. Rf5 Ra1 97. Rf6+ Kg7 98. Ke5 Re1 99. Rf4 Rg1 100. Ke6 Rg6+ 101. Nf6 Rg1 102. Ne4 Rg2 103. Ke7 Kg6 104. Rf6+ Kg7 105. Nc5 Re2+ 106. Ne6+ Kh7 107. Kf7 Rg2 108. Nf8+ Kh8 109. Rh6# 1-0

[Event "Kimry"]
[Site "Kimry"]
[Date "2003.??.??"]
[Round "9"]
[White "Asrian, Andreas"]
[Black "Svechnikov, Evgeniy"]
[Result "1-0"]
[WhiteElo "2109"]
[BlackElo "2038"]
[PlyCount "51"]
[EventDate "2003.??.??"]
[EventType "tourn"]
[EventRounds "11"]
[EventCountry "RUS"]
[SourceTitle "EXT 2006"]
[Source "ChessBase"]
[SourceDate "2005.11.24"]
[SourceVersion "1"]
[SourceVersionDate "2005.11.24"]
[SourceQuality "1"]

1. e4 c6 2. d4 d5 3. Nc3 dxe4 4. Nxe4 Nd7 5. Nf3 Ngf6 6. Ng3 e6 7. Bd3 Bd6 8. 0-0 0-0 9. Be3 c5 10. Ne4 Nxe4 11. Bxe4 Nf6 12. Bd3 cxd4 13. Bxd4 b6 14. Bxf6 Qxf6 15. Be4 Bb4 16. c3 Bc5 17. Bxa8 Ba6 18. Be4 Bxf1 19. Qxf1 Qf4 20. Qe2 Rd8 21. Bc2 g6 22. Rd1 Rc8 23. g3 Qc7 24. Ng5 Qe7 25. Ne4 Kg7 26. b4 1-0

[Event "Kimry"]
[Site "Kimry"]
[Date "2003.??.??"]
[Round "3"]
[White "Sharkov, Kirill"]
[Black "Asrian, Andreas"]
[Result "0-1"]
[WhiteElo "1942"]
[BlackElo "2109"]
[PlyCount "54"]
[EventDate "2003.??.??"]
[EventType "tourn"]
[EventRounds "11"]
[EventCountry "RUS"]
[SourceTitle "EXT 2006"]
[Source "ChessBase"]
[SourceDate "2005.11.24"]
[SourceVersion "1"]
[SourceVersionDate "2005.11.24"]
[SourceQuality "1"]

1. e4 c5 2. Nf3 Nc6 3. Bb5 a6 4. Bxc6 bxc6 5. d4 cxd4 6. Nxd4 Nf6 7. Nc3 e6 8. 0-0 Bb4 9. e5 Nd5 10. Bd2 Nxc3 11. Bxc3 Bxc3 12. bxc3 0-0 13. c4 Qc7 14. Re1 Bb7 15. c5 f6 16. f4 a5 17. Qe2 a4 18. Rab1 Ba6 19. Qe3 Qa5 20. Nf3 Bc4 21. Qa3 Bd5 22. Re3 fxe5 23. fxe5 Rf5 24. Rbe1 Raf8 25. Nd4 Rf2 26. R3e2 Rxg2+ 27. Rxg2 Qxe1# 0-1

[Event "Kimry"]
[Site "Kimry"]
[Date "2003.??.??"]
[Round "1"]
[White "Zubkov, Maxim"]
[Black "Asrian, Andreas"]
[Result "1-0"]
[WhiteElo "2230"]
[BlackElo "2109"]
[PlyCount "49"]
[EventDate "2003.??.??"]
[EventType "tourn"]
[EventRounds "11"]
[EventCountry "RUS"]
[SourceTitle "EXT 2006"]
[Source "ChessBase"]
[SourceDate "2005.11.24"]
[SourceVersion "1"]
[SourceVersionDate "2005.11.24"]
[SourceQuality "1"]

1. d4 Nf6 2. c4 g6 3. Nc3 Bg7 4. e4 d6 5. f3 Nbd7 6. Be3 0-0 7. Qd2 c5 8. Nge2 e5 9. dxe5 Nxe5 10. Nf4 Re8 11. 0-0-0 g5 12. Nfd5 g4 13. Be2 Nfd7 14. f4 Nc6 15. Bxg4 Nb6 16. Be2 Nxd5 17. Nxd5 Rxe4 18. Bd3 Re6 19. f5 Re8 20. f6 Bh8 21. Bh6 Ne5 22. Qg5+ Ng6 23. Ne7+ Rxe7 24. Bxg6 Re5 25. Bf5+ 1-0